000
00340pam a2200157a 44500
008
230515b2019 xxu||||| |||| 00| 0 eng d
020
_a
NULL
041
_a
ENGLISH
082
_a
610
100
_a
NULL
245
_a
TEAXBOOK OF PEADIATRIC NURSING FOR BSC
250
_a
0
260
_a
_b
C B S
_c
2019
300
_a
604
650
_a
NULL
999
_c
532054
_d
532054